[Event "DEM U16 2009"]
[Site "Willingen GER"]
[Date "2009.06.04"]
[Round "7"]
[White "Marx, Joschka"]
[Black "März, Julian"]
[Result "1-0"]
[Termination "normal"]
[Board "7"]
[WhiteElo "2014"]
[BlackElo "1992"]
[PlyCount "57"]
[WhiteFideId "24645869"]
[BlackFideId "24646172"]
[EventCountry "GER"]
[EventRounds "9"]
[EventType "swiss"]
[EventDate "2009.05.30"]

1. e4 c5 2. Nc3 Nc6 3. Nf3 Nf6 4. d4 cxd4 5. Nxd4 e6 6. Ndb5 d6 7. Bf4 e5 8.
Bg5 a6 9. Na3 b5 10. Nd5 Be7 11. Bxf6 Bxf6 12. c3 O-O 13. Be2 Bg5 14. Nc2 Ne7
15. Nce3 Bxe3 16. Nxe3 Bb7 17. Bf3 Qb6 18. O-O Rad8 19. Qb3 Kh8 20. Rad1 Qc7
21. c4 bxc4 22. Qxc4 Qxc4 23. Nxc4 Nc8 24. Bg4 Bxe4 25. Bxc8 Rxc8 26. Nxd6 Bc2
27. Rd2 Rc7 28. Rc1 g6 29. Rcxc2 1-0

[Event "DEM U16 2009"]
[Site "Willingen GER"]
[Date "2009.06.04"]
[Round "7"]
[White "Müller, Tobias"]
[Black "Butschek, Marc"]
[Result "0-1"]
[Termination "normal"]
[Board "8"]
[WhiteElo "1744"]
[BlackElo "1855"]
[PlyCount "80"]
[WhiteFideId "24643394"]
[BlackFideId "4630904"]
[EventCountry "GER"]
[EventRounds "9"]
[EventType "swiss"]
[EventDate "2009.05.30"]

1. c4 f5 2. g3 g6 3. Bg2 Bg7 4. Nc3 Nf6 5. d3 d6 6. Rb1 O-O 7. Nf3 e5 8. b4 h6
9. O-O Qe8 10. Qc2 g5 11. Nd2 Qh5 12. c5 Nc6 13. e3 f4 14. Nd5 Ng4 15. Nf3 e4
16. dxe4 Nce5 17. Ne7+ Kf7 18. Nxe5+ dxe5 19. h3 Kxe7 20. hxg4 Bxg4 21. exf4
gxf4 22. c6 b6 23. b5 Rf6 24. Ba3+ Kf7 25. gxf4 Rxf4 26. f3 Be6 27. Kf2 Qh4+
28. Ke2 Qh2 29. Rf2 Rd8 30. Rh1 Qg3 31. Rd1 Rxd1 32. Qxd1 Bc4+ 33. Ke1 Bf6 34.
Qd7+ Kg6 35. Bc1 Bh4 36. Be3 Qxg2 37. Qe8+ Bf7 38. Qxe5 Bxf2+ 39. Bxf2 Rxf3 40.
Qd4 Rxf2 0-1

[Event "DEM U16 2009"]
[Site "Willingen GER"]
[Date "2009.06.04"]
[Round "7"]
[White "Osmanodja, Filiz"]
[Black "Weber, Max"]
[Result "1-0"]
[Termination "normal"]
[Board "9"]
[WhiteTitle "FM"]
[WhiteElo "1963"]
[BlackElo "1711"]
[PlyCount "107"]
[WhiteFideId "24633569"]
[BlackFideId "4624831"]
[EventCountry "GER"]
[EventRounds "9"]
[EventType "swiss"]
[EventDate "2009.05.30"]

1. e4 e6 2. d4 d5 3. Nc3 dxe4 4. Nxe4 Nd7 5. Nf3 Ngf6 6. Nxf6+ Nxf6 7. c3 c5 8.
Be3 cxd4 9. Bxd4 Be7 10. Qc2 Bd7 11. Bd3 Bc6 12. Ne5 Qc7 13. O-O-O Bd6 14. Nxc6
Qxc6 15. Qe2 a6 16. Kb1 O-O-O 17. b4 Kb8 18. b5 axb5 19. Bxb5 Qe4+ 20. Qxe4
Nxe4 21. f3 Nf6 22. c4 Bc7 23. Kc2 Kc8 24. Bc3 Rxd1 25. Kxd1 Rd8+ 26. Kc2 Nd7
27. g3 f6 28. Re1 e5 29. Rd1 Nc5 30. Rd5 Ne6 31. Kd3 Bb6 32. Rxd8+ Kxd8 33. Bd2
Kc7 34. f4 Nc5+ 35. Ke2 e4 36. f5 g5 37. Bc3 Nd7 38. Bxd7 Kxd7 39. Bxf6 g4 40.
Bg5 h5 41. Be3 Bd8 42. Bd4 Bg5 43. a4 Kc6 44. a5 Bh6 45. Be5 Kc5 46. Bf4 Bg7
47. Ke3 Kxc4 48. Kxe4 Kc5 49. Be5 Bf8 50. f6 Kc6 51. Kf5 Kd7 52. f7 Ke7 53. Kg6
Ke6 54. Bg7 1-0

[Event "DEM U16 2009"]
[Site "Willingen GER"]
[Date "2009.06.04"]
[Round "7"]
[White "Steinacker, Alex"]
[Black "Wendling, Florian"]
[Result "1-0"]
[Termination "normal"]
[Board "10"]
[WhiteElo "1835"]
[BlackElo "1815"]
[PlyCount "75"]
[WhiteFideId "24647195"]
[BlackFideId "24640212"]
[EventCountry "GER"]
[EventRounds "9"]
[EventType "swiss"]
[EventDate "2009.05.30"]

1. e4 c5 2. Nf3 d6 3. d4 cxd4 4. Qxd4 Nc6 5. Bb5 Bd7 6. Bxc6 Bxc6 7. c4 Nf6 8.
Nc3 e6 9. O-O Be7 10. b3 O-O 11. Bb2 a6 12. Qd3 Qc7 13. Rac1 Rfd8 14. Rfd1 Rac8
15. Nd4 Qb8 16. Qe2 Bf8 17. a3 Re8 18. f4 d5 19. e5 Nd7 20. cxd5 exd5 21. Qg4
Nc5 22. b4 Ne6 23. Nf5 Qa7+ 24. Kh1 Kh8 25. Ne2 Ba4 26. Rxd5 Rxc1+ 27. Bxc1 Qf2
28. Ng1 Rc8 29. Be3 Qa2 30. Rd3 Rc2 31. Nd6 Nd8 32. Ne4 Ne6 33. f5 Nc7 34. Rd8
Ne8 35. Nd6 Bxd6 36. exd6 Rc4 37. Bf4 f6 38. d7 1-0

[Event "DEM U16 2009"]
[Site "Willingen GER"]
[Date "2009.06.04"]
[Round "7"]
[White "Meiser, Michael"]
[Black "Cremer, Jan Paul"]
[Result "1/2-1/2"]
[Termination "normal"]
[Board "11"]
[WhiteElo "1792"]
[BlackElo "1877"]
[PlyCount "52"]
[WhiteFideId "24659762"]
[BlackFideId "24686115"]
[EventCountry "GER"]
[EventRounds "9"]
[EventType "swiss"]
[EventDate "2009.05.30"]

1. e4 e5 2. Nf3 Nc6 3. Bb5 f5 4. Nc3 fxe4 5. Nxe4 d5 6. Nxe5 dxe4 7. Nxc6 Qg5
8. Qe2 Nf6 9. f4 Qxf4 10. Ne5+ c6 11. d4 Qh4+ 12. g3 Qh3 13. Bc4 Be6 14. Bf4
O-O-O 15. O-O-O Bd6 16. Kb1 Rhf8 17. Bxe6+ Qxe6 18. c4 Bxe5 19. dxe5 Ng4 20. h3
Nxe5 21. Qxe4 Qg6 22. Qxg6 Nxg6 23. Rxd8+ Rxd8 24. Rf1 Rd3 25. c5 Nxf4 26. Rxf4
Rxg3 1/2-1/2

[Event "DEM U16 2009"]
[Site "Willingen GER"]
[Date "2009.06.04"]
[Round "7"]
[White "Bräuer, Franz"]
[Black "Zuferi, Enis"]
[Result "0-1"]
[Termination "normal"]
[Board "12"]
[WhiteElo "1966"]
[BlackElo "1910"]
[PlyCount "72"]
[WhiteFideId "24634468"]
[BlackFideId "24692530"]
[EventCountry "GER"]
[EventRounds "9"]
[EventType "swiss"]
[EventDate "2009.05.30"]

1. e4 c5 2. Nf3 d6 3. Bb5+ Nd7 4. c3 Ngf6 5. Qe2 e6 6. O-O Be7 7. d4 cxd4 8.
cxd4 d5 9. e5 Ne4 10. Nbd2 Nxd2 11. Bxd2 O-O 12. Bd3 Nb6 13. h3 Bd7 14. Nh2 Qe8
15. Rac1 Nc4 16. Bc3 Rc8 17. Qc2 h6 18. Qe2 b5 19. f4 Rb8 20. b3 Na3 21. f5
exf5 22. Bxf5 Bxf5 23. Rxf5 b4 24. Bd2 Nb5 25. Qg4 Kh7 26. Rcf1 Rc8 27. Be3 Rc3
28. R5f3 f5 29. exf6 Rxf6 30. Rxf6 Bxf6 31. Qf5+ Kh8 32. Bd2 Nxd4 33. Qxd5 Rd3
34. Rf2 Ne2+ 35. Rxe2 Qxe2 36. Qa8+ Rd8 0-1

[Event "DEM U16 2009"]
[Site "Willingen GER"]
[Date "2009.06.04"]
[Round "7"]
[White "Kahleys, Kevin"]
[Black "Ohnmacht, Simon"]
[Result "0-1"]
[Termination "normal"]
[Board "14"]
[WhiteElo "2006"]
[BlackElo "1876"]
[PlyCount "94"]
[WhiteFideId "24669601"]
[BlackFideId "24672980"]
[EventCountry "GER"]
[EventRounds "9"]
[EventType "swiss"]
[EventDate "2009.05.30"]

1. d4 d5 2. c4 c6 3. Nf3 Nf6 4. e3 e6 5. b3 Nbd7 6. Bb2 b6 7. Bd3 Bb7 8. O-O
Ne4 9. Nbd2 f5 10. Rc1 Be7 11. Qe2 O-O 12. cxd5 exd5 13. Ba6 Qc8 14. Bxb7 Qxb7
15. Ne5 Nxe5 16. dxe5 Rac8 17. Nxe4 fxe4 18. Qg4 Rc7 19. Rc2 Qc8 20. Qg3 Qe6
21. f3 exf3 22. gxf3 g6 23. f4 Qf5 24. Rfc1 Bc5 25. Bd4 Bxd4 26. exd4 Qxf4 27.
Qxf4 Rxf4 28. Rxc6 Rxc6 29. Rxc6 Rxd4 30. e6 Re4 31. Kf2 d4 32. Rd6 d3 33. Rxd3
Rxe6 34. Rd7 Rf6+ 35. Ke3 Rf7 36. Rd6 Kg7 37. b4 Kh6 38. b5 Kh5 39. Rd4 g5 40.
Ra4 Rc7 41. Kf3 Rc5 42. Rxa7 Rxb5 43. Kg3 Ra5 44. Rxa5 bxa5 45. a4 Kg6 46. h4
Kh5 47. hxg5 Kxg5 0-1

[Event "DEM U16 2009"]
[Site "Willingen GER"]
[Date "2009.06.05"]
[Round "8"]
[White "Schäfer, Alexander"]
[Black "Kotainy, Jens"]
[Result "0-1"]
[Termination "normal"]
[Board "1"]
[WhiteElo "2007"]
[BlackElo "2170"]
[PlyCount "88"]
[WhiteFideId "24615196"]
[BlackFideId "24670499"]
[EventCountry "GER"]
[EventRounds "9"]
[EventType "swiss"]
[EventDate "2009.05.30"]

1. c4 c5 2. Nf3 Nc6 3. d4 cxd4 4. Nxd4 g6 5. e4 Bg7 6. Be3 Nf6 7. Nc3 d6 8. Be2
O-O 9. O-O Bd7 10. Rc1 Nxd4 11. Bxd4 Bc6 12. f3 Bh6 13. Rc2 Nh5 14. g3 Qa5 15.
a3 Bg7 16. Bf2 Nf6 17. Qd2 Kh8 18. Re1 Rac8 19. b4 Qh5 20. Nd5 Nxd5 21. exd5
Ba4 22. Rcc1 a6 23. Bd4 Qf5 24. Bxg7+ Kxg7 25. Qd4+ Kg8 26. Kg2 Qd7 27. f4 b5
28. c5 dxc5 29. bxc5 Rfd8 30. Bf3 Bb3 31. d6 exd6 32. c6 Qc7 33. Re3 Bc4 34.
Qf6 Re8 35. Rce1 Re6 36. Rxe6 fxe6 37. Rxe6 Bxe6 38. Qxe6+ Kg7 39. f5 Rf8 40.
fxg6 hxg6 41. Bd5 Qa7 42. Qe1 Rf5 43. Be6 Re5 44. Qc3 Qc5 0-1

[Event "DEM U16 2009"]
[Site "Willingen GER"]
[Date "2009.06.05"]
[Round "8"]
[White "Zelbel, Patrick"]
[Black "Jussupow, Alexander"]
[Result "1-0"]
[Termination "normal"]
[Board "2"]
[WhiteElo "2330"]
[BlackElo "2072"]
[PlyCount "103"]
[WhiteFideId "24624322"]
[BlackFideId "24613509"]
[EventCountry "GER"]
[EventRounds "9"]
[EventType "swiss"]
[EventDate "2009.05.30"]

1. e4 e6 2. d4 d5 3. Nd2 dxe4 4. Nxe4 Bd7 5. Nf3 Bc6 6. Ng3 Nd7 7. Bd3 Ngf6 8.
O-O Be7 9. c3 O-O 10. Qe2 Bxf3 11. gxf3 Re8 12. f4 c5 13. Be3 Nd5 14. Rad1 Qc7
15. Qf3 N7f6 16. Kh1 Bd6 17. Ne2 Qc6 18. c4 Nxe3 19. fxe3 cxd4 20. exd4 Rad8
21. Rb1 a5 22. a3 Qc7 23. b4 axb4 24. axb4 Bf8 25. b5 Nd7 26. c5 b6 27. Qc6 Rc8
28. Qxc7 Rxc7 29. c6 Nf6 30. Ra1 Bd6 31. Ra6 Rb8 32. Bc4 g6 33. Kg2 Rcc8 34.
Kf3 Ne8 35. Nc3 Kf8 36. Ne4 Ke7 37. Re1 Nc7 38. Ra7 Ra8 39. Rb7 Rab8 40. Ra7
Ra8 41. Rea1 h6 42. R1a3 f5 43. Nxd6 Kxd6 44. Rxa8 Nxa8 45. Ra7 Rd8 46. h4 g5
47. hxg5 hxg5 48. fxg5 Nc7 49. Rb7 Ra8 50. Rxb6 Ra4 51. Rb8 Nd5 52. Bxd5 1-0

[Event "DEM U16 2009"]
[Site "Willingen GER"]
[Date "2009.06.05"]
[Round "8"]
[White "Berchtenbreiter, Maximilian"]
[Black "Graf, Felix"]
[Result "1-0"]
[Termination "normal"]
[Board "3"]
[WhiteElo "2148"]
[BlackElo "2300"]
[PlyCount "49"]
[WhiteFideId "24641120"]
[BlackFideId "24608904"]
[EventCountry "GER"]
[EventRounds "9"]
[EventType "swiss"]
[EventDate "2009.05.30"]

1. e4 e6 2. d4 d5 3. Nc3 Nf6 4. e5 Nfd7 5. f4 c5 6. Nf3 Nc6 7. Be3 a6 8. Qd2 b5
9. a3 Qb6 10. Ne2 c4 11. g4 h5 12. gxh5 b4 13. axb4 Bxb4 14. c3 Be7 15. Rg1 Na5
16. Ra2 Nb3 17. Qc2 Kf8 18. f5 exf5 19. Nf4 Qc6 20. e6 Nf6 21. Ne5 Qc7 22. exf7
Rh6 23. Nfg6+ Rxg6 24. Nxg6+ Kxf7 25. Ne5+ 1-0

[Event "DEM U16 2009"]
[Site "Willingen GER"]
[Date "2009.06.05"]
[Round "8"]
[White "Grünter, Martin"]
[Black "Marx, Joschka"]
[Result "1-0"]
[Termination "normal"]
[Board "5"]
[WhiteElo "2092"]
[BlackElo "2014"]
[PlyCount "91"]
[WhiteFideId "24640352"]
[BlackFideId "24645869"]
[EventCountry "GER"]
[EventRounds "9"]
[EventType "swiss"]
[EventDate "2009.05.30"]

1. e4 d5 2. exd5 Qxd5 3. Nc3 Qd6 4. d4 Nf6 5. g3 c6 6. Nf3 Bf5 7. Bg2 e6 8. O-O
Be7 9. a3 O-O 10. Qe2 Qd8 11. h3 Nbd7 12. Ne5 h5 13. Rd1 Qc7 14. Nc4 Nd5 15.
Nxd5 cxd5 16. Ne3 Nf6 17. Nxf5 exf5 18. Bf4 Bd6 19. Bxd6 Qxd6 20. b3 Rfe8 21.
Qf3 g6 22. c4 Re7 23. c5 Qc7 24. b4 Rae8 25. Bf1 f4 26. Bb5 Rc8 27. Bd3 Ne4 28.
Qxf4 Qxf4 29. gxf4 Rce8 30. Bb5 Rc8 31. Re1 a6 32. Ba4 Kf8 33. Re3 Nd2 34. Ra2
Nc4 35. Rxe7 Kxe7 36. Bb3 Ke6 37. Kg2 Rd8 38. Kf3 Kf5 39. Bc2+ Kf6 40. Bd3 g5
41. a4 a5 42. b5 gxf4 43. Kxf4 Re8 44. Rc2 Re1 45. Bxc4 dxc4 46. Rxc4 1-0

[Event "DEM U16 2009"]
[Site "Willingen GER"]
[Date "2009.06.05"]
[Round "8"]
[White "Butschek, Marc"]
[Black "Kartsev, Alexandr"]
[Result "0-1"]
[Termination "normal"]
[Board "6"]
[WhiteElo "1855"]
[BlackElo "2074"]
[PlyCount "51"]
[WhiteFideId "4630904"]
[BlackFideId "24647110"]
[EventCountry "GER"]
[EventRounds "9"]
[EventType "swiss"]
[EventDate "2009.05.30"]

1. f4 d5 2. Nf3 Nf6 3. g3 Bg4 4. Bg2 Bxf3 5. Bxf3 Nbd7 6. d3 e5 7. Nc3 c6 8. e4
dxe4 9. dxe4 Bc5 10. Qe2 Qb6 11. Kf1 Bd4 12. Kg2 O-O-O 13. a4 Nc5 14. Qc4 Rhe8
15. Qxf7 exf4 16. Bxf4 Rd7 17. Bg4 Qxb2 18. Bxd7+ Ncxd7 19. Rhe1 Bxc3 20. Rad1
Rf8 21. Qe6 Bxe1 22. Rxe1 Qxc2+ 23. Kh3 Qxa4 24. e5 Nd5 25. Bd2 Qc2 26. Bg5 0-1

[Event "DEM U16 2009"]
[Site "Willingen GER"]
[Date "2009.06.05"]
[Round "8"]
[White "Dünzel, Jonas"]
[Black "Steinacker, Alex"]
[Result "1/2-1/2"]
[Termination "normal"]
[Board "7"]
[WhiteElo "1980"]
[BlackElo "1835"]
[PlyCount "106"]
[WhiteFideId "24631167"]
[BlackFideId "24647195"]
[EventCountry "GER"]
[EventRounds "9"]
[EventType "swiss"]
[EventDate "2009.05.30"]

1. e4 c5 2. Nf3 Nc6 3. d4 cxd4 4. Nxd4 g6 5. Nc3 Bg7 6. Be3 Nf6 7. Bc4 Qa5 8.
O-O O-O 9. Nb3 Qc7 10. Bg5 a6 11. Bxf6 exf6 12. Nd5 Qd8 13. c3 d6 14. Ne3 Re8
15. Qc2 Be6 16. Rad1 b5 17. Bd5 Qc7 18. Rd2 Rad8 19. Rfd1 Ne5 20. Nd4 Bh6 21.
Qb3 Nc4 22. Nxe6 fxe6 23. Bxc4 bxc4 24. Qa4 Bxe3 25. fxe3 Qc5 26. Rxd6 Qxe3+
27. Kh1 Kg7 28. Rd7+ Kh6 29. h3 Qxe4 30. Qa5 Rxd7 31. Rxd7 Qc6 32. Rc7 Qd5 33.
Qxa6 Ra8 34. Qxc4 Qd1+ 35. Kh2 Qd6+ 36. Kg1 Qd1+ 37. Qf1 Qd6 38. Rc4 Rxa2 39.
Qf4+ Qxf4 40. Rxf4 Rxb2 41. Rxf6 Rc2 42. Rf3 Kg5 43. Kh2 h5 44. Re3 h4 45. Re5+
Kf6 46. Rc5 e5 47. Kg1 Kf5 48. Rc8 e4 49. Rf8+ Kg5 50. Kf1 Rxc3 51. Kf2 Rg3 52.
Kf1 e3 53. Kg1 Kh6 1/2-1/2

[Event "DEM U16 2009"]
[Site "Willingen GER"]
[Date "2009.06.05"]
[Round "8"]
[White "Günnigmann, Manuel"]
[Black "Zuferi, Enis"]
[Result "1-0"]
[Termination "normal"]
[Board "8"]
[WhiteElo "2133"]
[BlackElo "1910"]
[PlyCount "175"]
[WhiteFideId "24640360"]
[BlackFideId "24692530"]
[EventCountry "GER"]
[EventRounds "9"]
[EventType "swiss"]
[EventDate "2009.05.30"]

1. e4 c5 2. Nf3 d6 3. Bb5+ Nd7 4. d4 Ngf6 5. Nc3 cxd4 6. Qxd4 e5 7. Qd3 h6 8.
Be3 Be7 9. O-O O-O 10. Bc4 Nb6 11. Bb3 Be6 12. Rfd1 Qc7 13. Nd2 Rfd8 14. Nb5
Qc6 15. c4 Nfd7 16. Rac1 Nc5 17. Qb1 Rf8 18. Nc3 f5 19. exf5 Nxb3 20. axb3 Bxf5
21. Nde4 Kh8 22. f3 a5 23. Kh1 Nd7 24. Nd5 Bd8 25. b4 Nf6 26. b5 Qc8 27. Ndxf6
Rxf6 28. Qd3 Be7 29. Qd5 Rg6 30. b3 Be6 31. Qd3 Bf5 32. Ra1 Qc7 33. Ra4 Bg5 34.
Bg1 Rf8 35. b6 Qc6 36. Rxa5 Bd8 37. Qd5 Qxd5 38. Raxd5 Bxe4 39. fxe4 Be7 40.
Ra5 Rg4 41. Re1 Rgf4 42. Ra7 Rb8 43. g3 Rf3 44. Re3 Rf1 45. Kg2 Rb1 46. Bf2 Kg8
47. Rf3 Bf6 48. Rd3 Be7 49. Ra2 Kf7 50. Kf3 Ke6 51. Ke2 Rh1 52. h4 g5 53. hxg5
Bxg5 54. b4 Rc1 55. c5 Be7 56. Rad2 dxc5 57. bxc5 Rc4 58. Rd7 Rxe4+ 59. Kf3 Rc4
60. Rc7 e4+ 61. Ke2 Bg5 62. Be3 Bxe3 63. Kxe3 Rg8 64. Rd6+ Kf5 65. Rf7+ Ke5 66.
Re7+ Kf5 67. Rd5+ Kf6 68. Rxe4 Rc3+ 69. Kf4 Rgxg3 70. Rd6+ Kf7 71. Rxh6 Rgf3+
72. Ke5 Rxc5+ 73. Kd4 Rcc3 74. Rh7+ Kf6 75. Rf4+ Rxf4+ 76. Kxc3 Ke6 77. Rxb7
Kd6 78. Rc7 Rh4 79. Kb3 Rg4 80. Ka3 Rh4 81. Rc1 Rh5 82. Ka4 Rh2 83. Kb5 Ra2 84.
Rd1+ Ke6 85. Rd4 Rb2+ 86. Rb4 Rxb4+ 87. Kxb4 Kd7 88. Kb5 1-0

[Event "DEM U16 2009"]
[Site "Willingen GER"]
[Date "2009.06.05"]
[Round "8"]
[White "März, Julian"]
[Black "Osmanodja, Filiz"]
[Result "0-1"]
[Termination "normal"]
[Board "9"]
[BlackTitle "FM"]
[WhiteElo "1992"]
[BlackElo "1963"]
[PlyCount "80"]
[WhiteFideId "24646172"]
[BlackFideId "24633569"]
[EventCountry "GER"]
[EventRounds "9"]
[EventType "swiss"]
[EventDate "2009.05.30"]

1. e4 c5 2. Nf3 d6 3. d4 cxd4 4. Qxd4 Nc6 5. Bb5 Bd7 6. Bxc6 Bxc6 7. Nc3 Nf6 8.
Bg5 e6 9. O-O-O Be7 10. Rhe1 Qc7 11. Qd3 a6 12. Bxf6 gxf6 13. Nd4 O-O-O 14. Qe2
Bd7 15. Kb1 h5 16. Qd3 Qc5 17. Re3 h4 18. Qf1 Kb8 19. a3 Rc8 20. Nb3 Qh5 21.
Qe1 f5 22. exf5 Qxf5 23. Nd4 Qh5 24. Nf3 Bc6 25. Na2 h3 26. Nb4 hxg2 27. Nxc6+
Rxc6 28. Rdd3 Rg8 29. Ng1 Qxh2 30. Rg3 Rh8 31. Rd4 Qh7 32. Qe2 Rhc8 33. Rd2 Qf5
34. Nf3 e5 35. Rxg2 Bf6 36. Rg1 e4 37. Nd4 Bxd4 38. Rxd4 Rxc2 39. Qd1 e3 40.
Ka1 exf2 0-1

[Event "DEM U16 2009"]
[Site "Willingen GER"]
[Date "2009.06.05"]
[Round "8"]
[White "Müller, Tobias"]
[Black "Meiser, Michael"]
[Result "1-0"]
[Termination "normal"]
[Board "10"]
[WhiteElo "1744"]
[BlackElo "1792"]
[PlyCount "69"]
[WhiteFideId "24643394"]
[BlackFideId "24659762"]
[EventCountry "GER"]
[EventRounds "9"]
[EventType "swiss"]
[EventDate "2009.05.30"]

1. c4 c5 2. g3 Nf6 3. Bg2 d5 4. cxd5 Nxd5 5. Nc3 Nc7 6. Nf3 Nc6 7. O-O e5 8.
Ne1 Be6 9. f4 exf4 10. gxf4 Be7 11. e4 O-O 12. d3 f5 13. Be3 fxe4 14. dxe4 Nd4
15. Nc2 Bc4 16. Rf2 Nce6 17. f5 Nxc2 18. Rxc2 Nc7 19. b3 Ba6 20. Rd2 Qe8 21.
Rc1 Rd8 22. Bf4 Na8 23. Nd5 b6 24. Nxe7+ Qxe7 25. Bd6 Qg5 26. Rcc2 Rfe8 27. Bf4
Qe7 28. e5 Nc7 29. e6 Nb5 30. Be5 Qg5 31. Rd7 Qe3+ 32. Kh1 Nd4 33. Rxg7+ Kf8
34. Rf7+ Kg8 35. Qg4+ 1-0

[Event "DEM U16 2009"]
[Site "Willingen GER"]
[Date "2009.06.05"]
[Round "8"]
[White "Aslan, Benjamin"]
[Black "Ohnmacht, Simon"]
[Result "1-0"]
[Termination "normal"]
[Board "11"]
[WhiteElo "1989"]
[BlackElo "1876"]
[PlyCount "71"]
[WhiteFideId "24640298"]
[BlackFideId "24672980"]
[EventCountry "GER"]
[EventRounds "9"]
[EventType "swiss"]
[EventDate "2009.05.30"]

1. d4 d5 2. c4 c6 3. Nf3 Nf6 4. e3 e6 5. b3 Nbd7 6. Bb2 b6 7. Bd3 Bb7 8. O-O
Ne4 9. Nbd2 f5 10. Ne5 Nxe5 11. dxe5 Be7 12. Nf3 O-O 13. Nd4 Qd7 14. cxd5 exd5
15. f3 c5 16. fxe4 cxd4 17. exf5 dxe3 18. Kh1 d4 19. Rf4 Rad8 20. f6 Bc5 21. b4
Bxb4 22. Qb3+ Kh8 23. Rh4 gxf6 24. Rxh7+ Qxh7 25. Bxh7 Kxh7 26. Qxb4 Rg8 27.
Rg1 e2 28. Qe1 d3 29. Qh4+ Kg6 30. Qxf6+ Kh7 31. Qf5+ Kh6 32. Bc1+ d2 33. Bxd2+
Rxd2 34. Qf4+ Kh7 35. Qxd2 e1=Q 36. Qxe1 1-0

[Event "DEM U16 2009"]
[Site "Willingen GER"]
[Date "2009.06.05"]
[Round "8"]
[White "Weber, Max"]
[Black "Cremer, Jan Paul"]
[Result "0-1"]
[Termination "normal"]
[Board "12"]
[WhiteElo "1711"]
[BlackElo "1877"]
[PlyCount "142"]
[WhiteFideId "4624831"]
[BlackFideId "24686115"]
[EventCountry "GER"]
[EventRounds "9"]
[EventType "swiss"]
[EventDate "2009.05.30"]

1. e4 e5 2. Nf3 Nc6 3. d4 exd4 4. Nxd4 Nf6 5. Nxc6 bxc6 6. e5 Qe7 7. Qe2 Nd5 8.
c4 Ba6 9. b3 Qb4+ 10. Qd2 Qxd2+ 11. Bxd2 Nb4 12. Kd1 c5 13. Be2 Bb7 14. a3 Nc6
15. Bf3 O-O-O 16. Bc3 g6 17. Kc2 Bg7 18. Bxc6 Bxc6 19. f3 Rhe8 20. e6 Bxc3 21.
exd7+ Bxd7 22. Nxc3 Bf5+ 23. Kc1 Rd3 24. Ne4 Bxe4 25. fxe4 Rxb3 26. Kc2 Re3 27.
Rhe1 R8xe4 28. Rxe3 Rxe3 29. Kd2 Re4 30. Kd3 f5 31. Rb1 c6 32. g3 Rd4+ 33. Kc3
f4 34. Rf1 fxg3 35. hxg3 Kc7 36. Rf7+ Rd7 37. Rf6 Kb6 38. g4 Rd4 39. g5 Rg4 40.
Rf7 Rxg5 41. Rxh7 Rg3+ 42. Kb2 g5 43. Rg7 g4 44. Ka2 Rg1 45. Kb2 g3 46. Kc2 g2
47. Kb2 a6 48. Ka2 Rc1 49. Rxg2 Rxc4 50. Kb3 Rf4 51. Rg3 Kb5 52. Rh3 c4+ 53.
Kc3 Rf5 54. a4+ Kc5 55. Rg3 Rd5 56. Rg4 Rd3+ 57. Kb2 Kb4 58. Rh4 c5 59. a5 Ra3
60. Rh6 c3+ 61. Kc2 Rxa5 62. Rg6 Ra2+ 63. Kb1 c2+ 64. Kc1 a5 65. Rg8 a4 66. Rh8
a3 67. Rh4+ c4 68. Rh3 Rb2 69. Rh8 a2 70. Rb8+ Kc3 71. Rb3+ Kxb3 0-1

[Event "DEM U16 2009"]
[Site "Willingen GER"]
[Date "2009.06.05"]
[Round "8"]
[White "Veit, Björn"]
[Black "Bräuer, Franz"]
[Result "0-1"]
[Termination "normal"]
[Board "13"]
[WhiteElo "1609"]
[BlackElo "1966"]
[PlyCount "38"]
[WhiteFideId "24600717"]
[BlackFideId "24634468"]
[EventCountry "GER"]
[EventRounds "9"]
[EventType "swiss"]
[EventDate "2009.05.30"]

1. Nc3 Nf6 2. d4 d5 3. Bg5 Nbd7 4. Qd3 h6 5. Bh4 b6 6. e4 dxe4 7. Nxe4 Bb7 8.
f3 e6 9. Nh3 Be7 10. Nhf2 Nxe4 11. fxe4 Bxh4 12. g3 Be7 13. Bg2 O-O 14. O-O-O
e5 15. dxe5 Nxe5 16. Qc3 Bd6 17. Rhe1 Qe7 18. a3 Rad8 19. Kb1 Bc5 0-1

[Event "DEM U16 2009"]
[Site "Willingen GER"]
[Date "2009.06.05"]
[Round "8"]
[White "Wendling, Florian"]
[Black "Kahleys, Kevin"]
[Result "1/2-1/2"]
[Termination "normal"]
[Board "14"]
[WhiteElo "1815"]
[BlackElo "2006"]
[PlyCount "36"]
[WhiteFideId "24640212"]
[BlackFideId "24669601"]
[EventCountry "GER"]
[EventRounds "9"]
[EventType "swiss"]
[EventDate "2009.05.30"]

1. e4 e6 2. d4 d5 3. Nc3 Nc6 4. e5 f6 5. Nf3 fxe5 6. dxe5 Nh6 7. a3 Nf7 8. Bb5
a6 9. Bxc6+ bxc6 10. O-O c5 11. Ne2 Be7 12. Nf4 O-O 13. Re1 Ng5 14. Nxg5 Bxg5
15. Qg4 Bxf4 16. Bxf4 Qe8 17. Bg3 Rb8 18. Rab1 Qc6 1/2-1/2

[Event "DEM U16 2009"]
[Site "Willingen GER"]
[Date "2009.06.06"]
[Round "9"]
[White "Kotainy, Jens"]
[Black "Grünter, Martin"]
[Result "1/2-1/2"]
[Termination "normal"]
[Board "1"]
[WhiteElo "2170"]
[BlackElo "2092"]
[PlyCount "72"]
[WhiteFideId "24670499"]
[BlackFideId "24640352"]
[EventCountry "GER"]
[EventRounds "9"]
[EventType "swiss"]
[EventDate "2009.05.30"]

1. e4 c5 2. Nc3 g6 3. f4 Nc6 4. Nf3 Bg7 5. Bb5 Nd4 6. O-O Nxb5 7. Nxb5 a6 8.
Nc3 e6 9. e5 d5 10. b3 Qc7 11. d4 b5 12. a4 b4 13. Na2 a5 14. c3 Ba6 15. Re1
bxc3 16. Nxc3 Rc8 17. Ba3 cxd4 18. Nxd4 Qb6 19. Rc1 Ne7 20. Kh1 Nf5 21. Nxf5
gxf5 22. Nb5 Rxc1 23. Qxc1 Bxb5 24. axb5 Kd7 25. Qd1 Bf8 26. Bxf8 Rxf8 27. Qe2
Ke7 28. Rc1 Rb8 29. Qh5 Qe3 30. Qg5+ Kf8 31. Qh6+ Ke8 32. Rg1 Rxb5 33. Qxh7
Qxf4 34. Qh8+ Ke7 35. Qf6+ Ke8 36. Qh8+ Ke7 1/2-1/2

[Event "DEM U16 2009"]
[Site "Willingen GER"]
[Date "2009.06.06"]
[Round "9"]
[White "Kartsev, Alexandr"]
[Black "Günnigmann, Manuel"]
[Result "0-1"]
[Termination "normal"]
[Board "4"]
[WhiteElo "2074"]
[BlackElo "2133"]
[PlyCount "116"]
[WhiteFideId "24647110"]
[BlackFideId "24640360"]
[EventCountry "GER"]
[EventRounds "9"]
[EventType "swiss"]
[EventDate "2009.05.30"]

1. e4 c5 2. c3 d5 3. exd5 Qxd5 4. d4 Nc6 5. Nf3 Bg4 6. Be2 e6 7. O-O cxd4 8.
cxd4 Nf6 9. h3 Bh5 10. Be3 Be7 11. Nc3 Qd6 12. Qb3 O-O 13. Rfd1 Rfd8 14. Rac1
Qb4 15. Qxb4 Nxb4 16. g4 Bg6 17. Ne5 Nbd5 18. Bf3 Bd6 19. Nxg6 hxg6 20. g5 Nxc3
21. bxc3 Nd5 22. c4 Nxe3 23. fxe3 Rab8 24. Kf2 b6 25. h4 Be7 26. a4 Bb4 27. Rb1
a5 28. Be2 Rbc8 29. Kf3 Kf8 30. Kf4 Ke7 31. e4 Rh8 32. Rh1 Rcd8 33. Rbd1 Bc3
34. Ke3 Rh7 35. Rd3 Bb4 36. Kf4 Rdh8 37. Rdh3 Bd2+ 38. Kg4 f5+ 39. gxf6+ gxf6
40. Rb1 Bb4 41. Rbh1 f5+ 42. Kg3 Bc3 43. h5 g5 44. d5 g4 45. Rh4 Bf6 46. dxe6
Bxh4+ 47. Rxh4 Rxh5 48. Rxh5 Rxh5 49. exf5 Rxf5 50. Bxg4 Rc5 51. Be2 Kxe6 52.
Kf4 Re5 53. Bg4+ Kd6 54. Bd7 Re7 55. Bb5 Kc5 56. Kf3 Re1 57. Kf2 Re4 58. Kf3
Rxc4 0-1

[Event "DEM U16 2009"]
[Site "Willingen GER"]
[Date "2009.06.06"]
[Round "9"]
[White "Graf, Felix"]
[Black "Schäfer, Alexander"]
[Result "1/2-1/2"]
[Termination "normal"]
[Board "5"]
[WhiteElo "2300"]
[BlackElo "2007"]
[PlyCount "41"]
[WhiteFideId "24608904"]
[BlackFideId "24615196"]
[EventCountry "GER"]
[EventRounds "9"]
[EventType "swiss"]
[EventDate "2009.05.30"]

1. Nf3 Nf6 2. g3 g6 3. d4 Bg7 4. Bg2 O-O 5. c4 d5 6. b3 c6 7. Bb2 Nbd7 8. O-O
dxc4 9. bxc4 Nb6 10. Nbd2 Bf5 11. a4 Ne4 12. Nxe4 Bxe4 13. c5 Nd5 14. Qb3 Qc7
15. Nd2 Bxg2 16. Kxg2 Rad8 17. Nc4 Nf6 18. Rad1 h5 19. h4 Bh6 20. Ne5 Kg7 21.
Qf3 1/2-1/2